Historia del derecho germánico / (Record no. 37098)

MARC details
000 -LEADER
campo de control de longitud fija 00889nam a2200229 i 4500
001 - NÚMERO DE CONTROL
campo de control 37098
003 - IDENTIFICADOR DE NÚMERO DE CONTROL
campo de control ES-MaACL
005 - FECHA Y HORA DE LA ÚLTIMA TRANSACCIÓN
campo de control 20251221204217.0
007 - CAMPO FIJO DE DESCRIPCIÓN FÍSICA--INFORMACIÓN GENERAL
campo de control de longitud fija t|
008 - DATOS DE LONGITUD FIJA--INFORMACIÓN GENERAL
campo de control de longitud fija 030220s1936 sp ||||1| spa d
100 1# - ENTRADA PRINCIPAL--NOMBRE DE PERSONA
Nombre de persona Brunner, Heinrich.
9 (RLIN) 32193
245 10 - MENCIÓN DEL TÍTULO
Título Historia del derecho germánico /
Mención de responsabilidad, etc. Heinrich Brunner ; según la 8ª ed. alemana de Claudios von Schwerin ; traducida y anotada por José Luis Álvarez López.
260 ## - PUBLICACIÓN, DISTRIBUCIÓN, ETC.
Lugar de publicación, distribución, etc. Barcelona :
Nombre del editor, distribuidor, etc. Labor,
Fecha de publicación, distribución, etc. 1936 (
Fabricante Imp. Galve)
300 ## - DESCRIPCIÓN FÍSICA
Extensión XV, 332 p. ;
Dimensiones 24 cm.
490 1# - MENCIÓN DE SERIE
Mención de serie Enciclopedia de ciencias jurídicas y sociales.
-- Ciencias jurídicas
650 #7 - PUNTO DE ACCESO ADICIONAL DE MATERIA--TÉRMINO DE MATERIA
Término de materia o nombre geográfico como elemento de entrada Derecho germánico
Fuente del encabezamiento o término embne
9 (RLIN) 146100
700 0# - ENTRADA AGREGADA--NOMBRE PERSONAL
Nombre de persona Schwerin, Claudius von
9 (RLIN) 104909
700 1# - ENTRADA AGREGADA--NOMBRE PERSONAL
Nombre de persona Álvarez López, José Luis.
9 (RLIN) 20860
830 10 - PUNTO DE ACCESO ADICIONAL DE SERIE-TÍTULO UNIFORME
Título uniforme Enciclopedia de ciencias jurídicas y sociales
9 (RLIN) 183357
852 ## - LOCALIZACIÓN
Ubicación ES-MaACL
Número de control de estantería A-4169
Holdings
Estatus retirado Estado de pérdida Estado de daño No para préstamo Biblioteca de origen Biblioteca actual Ubicación en estantería Fecha de adquisición Fuente de adquisición Total de préstamos Signatura topográfica completa Código de barras Visto por última vez Precio de reemplazo Tipo de ítem Koha
        Biblioteca del Ateneo de Madrid Biblioteca del Ateneo de Madrid Sala Pecera Planta 1 17/01/2008     A-4169 1039030 23/02/2023 23/02/2023 Libro impreso